The rock adventurer

Bibliographic Details
Main Author: Sulaiman Abdul Rahman
Corporate Authors: Series, Title
Format: Book
Published: Selangor : Penerbit Prisma , 2005
Series:Read it yourself
Subjects:

MARC

LEADER 00000cam a2200000 7i4500
001 0000002207
005 20151222.0
008 070711
020 |a 9838772488(set) 
020 |a 9838772585 
090 0 0 |a JF   |b AD ENG (2550) 
100 0 |a Sulaiman Abdul Rahman 
245 1 4 |a The rock adventurer   |c Sulaiman Abdul Rahman 
260 |a Selangor :   |b Penerbit Prisma ,   |c 2005 
440 0 |a Read it yourself 
500 |a Children ages 7-9 years old (orange) 
650 0 |a Ghost stories, English 
650 0 |a Horror tales 
710 0 |a Series 
710 0 |a Title 
999 |a 0000964799   |b Book   |c Children Collection   |e Perbadanan Perpustakaan Awam Johor 
999 |a 0000964800   |b Book   |c Children Collection   |e Perbadanan Perpustakaan Awam Johor 
999 |a 0000964801   |b Book   |c Children Collection   |e Perbadanan Perpustakaan Awam Johor